Comunicación / Luís Fernández Sosa (Registro nro. 461)

Detalles MARC
000 -LEADER
fixed length control field 00522nam a22002051a 4500
001 - CONTROL NUMBER
control field 461
003 - CONTROL NUMBER IDENTIFIER
control field OSt
005 - DATE AND TIME OF LATEST TRANSACTION
control field 20260204211653.0
008 - FIXED-LENGTH DATA ELEMENTS--GENERAL INFORMATION
fixed length control field 031127s1979||||xxu||||||b||||||||||spa||
020 ## - NUMERO DE LIBRO INTERNACIONAL NORMALIZADO
International Standard Book Number 0538222107
050 ## - LIBRARY OF CONGRESS CALL NUMBER
Classification number 302.2 F39c
082 ## - DEWEY DECIMAL CLASSIFICATION NUMBER
Classification number 302.2 F39c
100 ## - ASIENTO PRINCIPAL -- NOMBRE PERSONAL
Personal name Fernández Sosa, Luís
245 ## - TÍTULO PROPIAMENTE DICHO: SUBTÍTULO
Title Comunicación / Luís Fernández Sosa
264 ## - PRODUCTION, PUBLICATION, DISTRIBUTION, MANUFACTURE, AND COPYRIGHT NOTICE
Place of production, publication, distribution, manufacture Estados Unidos de América : South--Wester Publishing
300 ## - PHYSICAL DESCRIPTION
Extensión 217 p.
500 ## - GENERAL NOTE
General note Incluye indice
650 ## - ASIENTO SECUNDARIO DE MATERIA -- TERMINO TEMÁTICO
Termino Temático Como Elemento de Entrada 1.ComunicaciónÌ
942 ## - ADDED ENTRY ELEMENTS (KOHA)
Source of classification or shelving scheme Dewey Decimal Classification
Koha item type Libros
Existencias
Withdrawn status Lost status Source of classification or shelving scheme Damaged status Not for loan Current library Date acquired Total Checkouts Full call number Barcode Date last seen Price effective from Koha item type
    Dewey Decimal Classification     Biblioteca UTECO 09/09/2019   302.2 F39C 001913 09/09/2019 09/09/2019 Libros
© 2021 Derechos Reservados UTECO - Teléfono: +1 809-585-2291 - Correo electrónico: biblioteca@uteco.edu.do​  
Código postal 43000 ​​
Dirección: Avenida Universitaria No. 100, 
Cotuí, Provincia Sánchez Ramírez, República Dominicana - RNC: 404-00059-6